00677 2200217 4500001002100000005001700021008004100038035002500079090002000104100002600124245012200150260004600272300002100318650002100339850001200360990001800372990001800390990002100408999001500429999001500444YOGYA-0209000002666920150702105911.0 ind  a0010-020900000026669 aT 307.72bCok P aCOKROWINOTO, Mulyarto aPeranan kebudayaan politik dan kebudayaan administrasi di dalam pembangunan masyarakat desac/ Moeljarto Tjokrowinoto aYogyakartabUniversitas Gadjah Madac1977 a36 hlm. ;c21 cm aPembangunan desa aYOPDYOG a14048-PD/A.06 a14049-PD/A.06 aCB-D.11-1977-029 a06A0014048 a06A0014049